000 00350nam a2200133Ia 4500
008 240624s9999 xx 000 0 und d
041 _aeng
082 _a658.4 VAN
100 _aVANGUNDY ARTHUR B
245 _aGETTING TO INNOVATION HOW ASKING THE RIG
260 _c2007
_aNew York
_bAmacom
300 _axvii, , 270 , 23 , p. , cm.
365 _c
_b30
999 _c29396
_d29396